MARC

LEADER 00000nam0a2200000 4500
001 338636
005 20231102005051.0
035 |a (RuTPU)RU\TPU\book\365139 
090 |a 338636 
100 |a 20171129d1973 km y0rusy50 ca 
101 0 |a rus 
102 |a RU 
105 |a a z 001zy 
200 1 |a Проектирование сложных зубчатых механизмов  |f Ю. Н. Кирдяшев, А. Н. Иванов 
210 |a Ленинград  |c Машиностроение  |d 1973 
215 |a 351 с.  |c ил. 
320 |a Библиогр.: с. 348-349 
606 1 |a Зубчатые передачи  |x Проектирование  |2 stltpush  |3 (RuTPU)RU\TPU\subj\12084  |9 38932 
610 1 |a планетарные механизмы 
610 1 |a коробки передач 
610 1 |a соотношения 
610 1 |a синтез 
610 1 |a классификация 
610 1 |a проектирование 
610 1 |a замкнутый контур 
610 1 |a степени свободы 
610 1 |a схемы 
610 1 |a свойства 
610 1 |a программы вычислений 
675 |a 621.833.001  |v 4 
700 1 |a Кирдяшев  |b Ю. Н.  |g Юрий Николаевич 
701 1 |a Иванов  |b А. Н.  |g Анатолий Николаевич 
801 1 |a RU  |b 63413507  |c 20171129 
801 2 |a RU  |b 63413507  |c 20220506  |g RCR 
942 |c BK